000
00325nam a2200157Ia 4500
100
_a
SHIV KHERA
650
_a
General
942
_c
BK
366
_f
25
245
_a
Freedom is not free (marathi)
260
_b
Macmillan
_c
2007
082
_a
808.83
_b
SHI
300
_a
215
546
_a
MARATHI
_c
production
999
_c
32482
_d
32482